Top 5 Miami Heat Players Per Position - Statistics

General Stats
  • This quiz has been taken 552 times
    212 since last reset
  • The average score is 11 of 25
Answer Stats
Position # Player WS % Correct
SG 1 Dwyane Wade 116.1
98%
SF 1 LeBron James 65.3
98%
C 3 Chris Bosh 44.2
95%
C 1 Alonzo Mourning 64.9
86%
C 2 Bam Adebayo 64.0
86%
SF 2 Jimmy Butler 52.6
86%
SG 3 Tyler Herro 22.3
82%
PG 1 Tim Hardaway 44.1
70%
PG 2 Mario Chalmers 28.0
64%
PF 1 Udonis Haslem 50.9
64%
PG 3 Goran Dragić 26.8
48%
C 4 Hassan Whiteside 36.6
43%
SF 3 Glen Rice 40.2
41%
SF 4 Duncan Robinson 19.9
37%
SG 2 Eddie Jones 44.5
34%
PG 5 Tyler Johnson 14.5
25%
C 5 Rony Seikaly 25.1
22%
PF 3 P.J. Brown 27.0
13%
PF 4 Brian Grant 26.1
9%
SF 5 Jamal Mashburn 15.5
6%
PF 2 Grant Long 31.6
5%
SG 4 Dan Majerle 21.0
4%
PG 4 Bimbo Coles 19.9
3%
PF 5 Kelly Olynyk 15.8
2%
SG 5 Voshon Lenard 18.1
2%
No matching quizzes found
Score Distribution
Percent of People with Each Score
Percentile by Number Answered
Your Score History
You have not taken this quiz since the last reset